Busiest airports in Central America - Statistics

General Stats
  • This quiz has been taken 65 times
  • The average score is 8 of 15
Answer Stats
Country City % Correct
Guatemala Guatemala City
100%
Panama Panama City
100%
El Salvador San Salvador
98%
Costa Rica San Jose
95%
Nicaragua Managua
89%
Honduras Tegucigalpa
86%
Belize Belize City
71%
Honduras San Pedro Sula
54%
Costa Rica Liberia
43%
Panama David
23%
Panama Bocas
14%
Guatemala Flores
5%
Honduras Le Ceiba
2%
Panama Rio Hato
2%
Honduras Roaton
2%
No matching quizzes found
Score Distribution
Percent of People with Each Score
Percentile by Number Answered
Your Score History
You have not taken this quiz